Mejorar el liderazgo escolar. Herramientas de trabajo.

Guardado en:
Detalles Bibliográficos
Autor corporativo: Organización para la Cooperación y el Desarrollo Económico (OCDE)
Otros autores: Moreno. Gilda tr (autor) tr, (autor), Valencia, Laura tr (autor) tr, (autor)
Formato: Libro
Idioma:Español
Temas:
Etiquetas: Agrega una etiqueta
Sin etiquetas, Sé el primero en etiquetar este registro!

MARC

LEADER 00000nam^a2200000^u^4500
001 000525935
005 20250521000000.0
008 130515s10001000^^^^cr^^r^^^^^000^0^spa^d
009 20260310130658.164
035 |a FCE 000070180 
037 |a Acervo ITESO - Biblioteca 
041 |a spa 
082 0 4 |a 371.29  |b ORGm 
110 |a Organización para la Cooperación y el Desarrollo Económico (OCDE) 
245 1 0 |a Mejorar el liderazgo escolar.  |b Herramientas de trabajo. 
264 |a México:  |b OCDE,  |c 2009. 
300 |a 53 p. 
336 |a texto  |b txt  |2 rdacontenido 
337 |a sin mediación  |b n  |2 rdamedio 
338 |a volumen  |b nc  |2 rdasoporte 
649 |a XX 
650 |a Bibliografía 
650 |a Informes 
650 |a Liderazgo escolar 
700 |a Moreno. Gilda  |e tr  |e (autor) 
700 |a Valencia, Laura  |e tr  |e (autor) 
910 |a Fondo Centro de Estudios Educativos 
920 |a Impresos - Libros 
930 |a Fondos Especiales 
905 |a 133 
901 |a ALE073837  |b IT2  |c CEE  |u 20250521 
902 |a https://opac.biblio.iteso.mx/vufind/Record/000525935